[Event "IECC CL5-2011.17 email"]
[Site "IECC email"]
[Date "2011.11.27"]
[Round "?"]
[White "Hargreaves, John Richard"]
[Black "Ostby, Frederick"]
[Result "1-0"]
[WhiteElo "1584"]
[BlackElo "1599"]
[PlyCount "75"]
[EventDate "2011.??.??"]
[EventType "tourn (corr)"]
[EventRounds "4"]
[SourceTitle "Telechess CBM 165"]
[Source "ChessBase"]
[SourceDate "2015.03.11"]
[SourceVersion "1"]
[SourceVersionDate "2015.03.11"]
[SourceQuality "1"]
[WhiteTeam "England"]
[BlackTeam "US of America"]
[WhiteTeamCountry "ENG"]
[BlackTeamCountry "USA"]

1. e4 c5 2. Nf3 d6 3. d4 cxd4 4. Nxd4 Nf6 5. Nc3 a6 6. f3 e5 7. Nb3 Be6 8. Be3 Be7 9. Qd2 0-0 10. Be2 Nbd7 11. f4 Ng4 12. Bxg4 Bxg4 13. f5 Bh4+ 14. g3 Bf6 15. h3 Bf3 16. 0-0 Bh5 17. g4 Bxg4 18. hxg4 Nb6 19. Bxb6 Qxb6+ 20. Kg2 a5 21. Nd5 Qd8 22. Nxf6+ Qxf6 23. Rh1 a4 24. g5 Qd8 25. Nc1 b5 26. Ne2 a3 27. b3 b4 28. Rh3 Rc8 29. Rah1 h6 30. gxh6 g6 31. h7+ Kh8 32. Rg3 Qf6 33. c4 Rb8 34. Qh6 Rbc8 35. Rg4 Qg7 36. Qh4 f6 37. Rxg6 Qf7 38. Rg8+ 1-0

[Event "IECC CL5-2011.12 email"]
[Site "IECC email"]
[Date "2011.07.29"]
[Round "?"]
[White "Ostby, Frederick"]
[Black "Hargreaves, John Richard"]
[Result "1-0"]
[WhiteElo "1589"]
[BlackElo "1596"]
[PlyCount "99"]
[EventDate "2011.??.??"]
[EventType "tourn (corr)"]
[EventRounds "4"]
[SourceTitle "Telechess CBM 149"]
[Source "ChessBase"]
[SourceDate "2012.07.17"]
[SourceVersion "1"]
[SourceVersionDate "2012.07.17"]
[SourceQuality "1"]
[WhiteTeam "US of America"]
[BlackTeam "England"]
[WhiteTeamCountry "USA"]
[BlackTeamCountry "ENG"]

1. e4 e5 2. Nf3 Nf6 3. Bb5 a6 4. Ba4 Nxe4 5. d4 exd4 6. Qxd4 Nf6 7. 0-0 Be7 8. c4 0-0 9. Nc3 Nc6 10. Qd3 Nb4 11. Qe2 Re8 12. Bg5 h6 13. Bh4 Nh5 14. Rfe1 Kf8 15. Bxe7+ Rxe7 16. Qd2 Nf6 17. Nd4 a5 18. Rxe7 Qxe7 19. Re1 Qd8 20. a3 Na6 21. Bc2 d6 22. b3 Nc5 23. Qe3 Bd7 24. h3 Qe8 25. Qd2 Qd8 26. Bb1 Kg8 27. Re3 Qf8 28. Nd5 Nxd5 29. cxd5 Qd8 30. Qc2 g6 31. Ne6 Bxe6 32. dxe6 Nxe6 33. Rxe6 fxe6 34. Qxg6+ Kf8 35. Qxh6+ Ke8 36. Qxe6+ Qe7 37. Qg8+ Qf8 38. Qg4 c6 39. h4 Kd8 40. h5 Kc7 41. Qg6 Re8 42. g4 d5 43. h6 Kb6 44. Kf1 Rb8 45. Kg2 Qxa3 46. Bc2 Qc5 47. h7 Rf8 48. Bf5 Qd4 49. Qh6 Rh8 50. Qe3 1-0

[Event "IECC CL5-2009.23 email"]
[Site "IECC email"]
[Date "2009.11.17"]
[Round "?"]
[White "Cuaycong, Virgilio"]
[Black "Ostby, Frederick"]
[Result "1-0"]
[WhiteElo "1616"]
[BlackElo "1597"]
[PlyCount "77"]
[EventDate "2009.??.??"]
[EventType "tourn (corr)"]
[EventRounds "4"]
[SourceTitle "Telechess CBM 149"]
[Source "ChessBase"]
[SourceDate "2012.07.17"]
[SourceVersion "1"]
[SourceVersionDate "2012.07.17"]
[SourceQuality "1"]
[WhiteTeam "Philippines"]
[BlackTeam "US of America"]
[WhiteTeamCountry "PHI"]
[BlackTeamCountry "USA"]

1. d4 Nf6 2. c4 e6 3. Nf3 d5 4. Nc3 c6 5. e3 Nbd7 6. Bd3 dxc4 7. Bxc4 b5 8. Bd3 Bb7 9. 0-0 a6 10. e4 c5 11. d5 Qc7 12. dxe6 fxe6 13. Bc2 c4 14. Nd4 Nc5 15. Qe2 Rd8 16. Be3 Be7 17. b4 e5 18. Ndxb5 axb5 19. bxc5 Qa5 20. Nd5 Nxd5 21. exd5 Bxd5 22. Rad1 g6 23. Bh6 Qc7 24. Bg7 Rg8 25. Bxe5 Qxc5 26. Rfe1 Kf7 27. Bd4 Qd6 28. Qe3 Rd7 29. Bb2 Qc6 30. Qh3 h5 31. Be4 Rgd8 32. Qf3+ Bf6 33. Bxd5+ Rxd5 34. Rxd5 Rxd5 35. Bxf6 Rd6 36. Qxc6 Rxc6 37. Bc3 Ra6 38. Re2 Ra4 39. Rb2 1-0

[Event "IECC CL5-2009.23 email"]
[Site "IECC email"]
[Date "2009.11.17"]
[Round "?"]
[White "Gideon, Daniel"]
[Black "Ostby, Frederick"]
[Result "0-1"]
[WhiteElo "1402"]
[BlackElo "1576"]
[PlyCount "62"]
[EventDate "2009.??.??"]
[EventType "tourn (corr)"]
[EventRounds "4"]
[SourceTitle "Telechess CBM 149"]
[Source "ChessBase"]
[SourceDate "2012.07.17"]
[SourceVersion "1"]
[SourceVersionDate "2012.07.17"]
[SourceQuality "1"]
[WhiteTeam "Canada"]
[BlackTeam "US of America"]
[WhiteTeamCountry "CAN"]
[BlackTeamCountry "USA"]

1. f4 d5 2. d4 e6 3. e3 c5 4. Nf3 Nc6 5. c3 Nf6 6. Bd3 Bd6 7. Ne5 0-0 8. h4 Qc7 9. g4 Ne4 10. g5 f6 11. gxf6 Nxf6 12. Nd2 b6 13. Ndf3 Bb7 14. Ng5 Rfe8 15. Rg1 c4 16. Ng4 Kh8 17. Bc2 Ne4 18. Nxe4 dxe4 19. Bxe4 Be7 20. Bxh7 Kxh7 21. Nh6 gxh6 22. h5 Bh4+ 23. Ke2 Ne7 24. Qc2+ Nf5 25. Rg6 Qc6 26. e4 Qxe4+ 27. Qxe4 Bxe4 28. Rg1 Rg8 29. Bd2 Bd3+ 30. Kf3 Bg3 31. Be3 Nh4# 0-1

[Event "IECC CL5-2009.23 email"]
[Site "IECC email"]
[Date "2009.11.17"]
[Round "?"]
[White "Ostby, Frederick"]
[Black "Jewell, Barry"]
[Result "1-0"]
[WhiteElo "1585"]
[BlackElo "1504"]
[PlyCount "59"]
[EventDate "2009.??.??"]
[EventType "tourn (corr)"]
[EventRounds "4"]
[SourceTitle "Telechess CBM 149"]
[Source "ChessBase"]
[SourceDate "2012.07.17"]
[SourceVersion "1"]
[SourceVersionDate "2012.07.17"]
[SourceQuality "1"]
[WhiteTeam "US of America"]
[BlackTeam "Canada"]
[WhiteTeamCountry "USA"]
[BlackTeamCountry "CAN"]

1. e4 g6 2. d4 Bg7 3. Nc3 d6 4. Be3 a6 5. Qd2 b5 6. a4 b4 7. Nd1 a5 8. c3 bxc3 9. bxc3 Ba6 10. Bxa6 Nxa6 11. Ne2 Nf6 12. f3 h5 13. 0-0 Rb8 14. d5 Qc8 15. Nd4 Nc5 16. Nc6 Nb3 17. Qb2 Rb7 18. Rb1 Nc5 19. Qc2 Rxb1 20. Qxb1 Nxa4 21. Qb5 Nb6 22. Bxb6 cxb6 23. Qxb6 Kd7 24. Qxa5 Qb7 25. Qa4 Qb6+ 26. Rf2 Kc7 27. Kf1 Qb7 28. Qc4 Kd7 29. Rb2 Qc8 30. Qa4 1-0

[Event "IECC CL5-2008.07 email"]
[Site "IECC email"]
[Date "2008.05.17"]
[Round "?"]
[White "Perry, Matthew Richard"]
[Black "Ostby, Frederick"]
[Result "0-1"]
[WhiteElo "1461"]
[BlackElo "1522"]
[PlyCount "54"]
[EventDate "2008.??.??"]
[EventType "tourn (corr)"]
[EventRounds "4"]
[SourceTitle "Corr 2013"]
[Source "ChessBase"]
[SourceDate "2012.11.12"]
[SourceVersion "1"]
[SourceVersionDate "2012.11.12"]
[SourceQuality "1"]
[WhiteTeam "Ireland"]
[BlackTeam "Italy"]
[WhiteTeamCountry "IRL"]
[BlackTeamCountry "ITA"]

1. Nf3 Nf6 2. g3 d5 3. Bg2 c6 4. c4 dxc4 5. Na3 b5 6. Ne5 Qc7 7. d4 Bb7 8. Bf4 Qb6 9. 0-0 e6 10. Rb1 Nd5 11. Be3 f6 12. Nf3 Bxa3 13. bxa3 Nc3 14. Qc2 Nxb1 15. Rxb1 Qa6 16. Qb2 0-0 17. Qb4 Nd7 18. a4 Nb6 19. Qd6 Rfe8 20. Nd2 Qxa4 21. Bxc6 Bxc6 22. Qxc6 Nd5 23. Qxb5 Qxb5 24. Rxb5 Nxe3 25. fxe3 c3 26. Nb3 Rab8 27. Rc5 Rec8 0-1

[Event "P-4399"]
[Site "IECC email"]
[Date "2007.12.21"]
[Round "?"]
[White "Manis, Ron"]
[Black "Ostby, Frederick"]
[Result "1-0"]
[WhiteElo "1459"]
[BlackElo "1450"]
[PlyCount "39"]
[EventDate "2007.??.??"]
[EventType "tourn (corr)"]
[SourceTitle "Corr 2020"]
[Source "ChessBase"]
[SourceDate "2019.09.30"]
[SourceVersion "1"]
[SourceVersionDate "2019.09.30"]
[SourceQuality "1"]
[WhiteTeam "United States"]
[BlackTeam "United States"]
[WhiteTeamCountry "USA"]
[BlackTeamCountry "USA"]

1. g3 d5 2. Bg2 Nf6 3. d3 e5 4. c3 c6 5. Nf3 Bd6 6. 0-0 0-0 7. Bg5 h6 8. Bxf6 Qxf6 9. Nbd2 c5 10. Qb3 d4 11. Ne4 Qd8 12. Qd5 Be7 13. Qxd8 Rxd8 14. Nxe5 Nc6 15. Nxc6 bxc6 16. Nd2 Rb8 17. Nb3 dxc3 18. bxc3 Rb6 19. Na5 Rd6 20. Nc4 1-0

[Event "IECC CL5-2007.16 email"]
[Site "IECC email"]
[Date "2007.11.02"]
[Round "?"]
[White "Ostby, Frederick"]
[Black "Albesa, Alfredo Ricardo"]
[Result "1-0"]
[WhiteElo "1449"]
[BlackElo "1504"]
[PlyCount "45"]
[EventDate "2007.??.??"]
[EventType "tourn (corr)"]
[EventRounds "4"]
[SourceTitle "Corr 2015"]
[Source "ChessBase"]
[SourceDate "2015.07.17"]
[SourceVersion "1"]
[SourceVersionDate "2015.07.17"]
[SourceQuality "1"]
[WhiteTeam "US of America"]
[BlackTeam "Argentina"]
[WhiteTeamCountry "USA"]
[BlackTeamCountry "ARG"]

1. e4 c5 2. Nf3 d6 3. d4 cxd4 4. Nxd4 Nf6 5. Nc3 a6 6. Be3 e5 7. Nb3 Be6 8. f3 h5 9. Qd2 Nbd7 10. 0-0-0 Be7 11. Nd5 Nxd5 12. exd5 Bf5 13. Bd3 Bxd3 14. Qxd3 Bg5 15. Kb1 Bxe3 16. Qxe3 0-0 17. f4 exf4 18. Qxf4 Nf6 19. Rhe1 Qc7 20. Nd4 Rfd8 21. Nf5 Rd7 22. Qg5 Ne8 23. Rxe8+ 1-0

[Event "IECC KO-2094"]
[Site "IECC email"]
[Date "2007.09.11"]
[Round "?"]
[White "Copin, Jean Christophe"]
[Black "Ostby, Frederick"]
[Result "0-1"]
[WhiteElo "1239"]
[BlackElo "1442"]
[PlyCount "40"]
[EventDate "2007.??.??"]
[EventType "match (corr)"]
[EventRounds "2"]
[SourceTitle "Corr 2011"]
[Source "ChessBase"]
[SourceDate "2010.08.31"]
[SourceVersion "1"]
[SourceVersionDate "2010.08.31"]
[SourceQuality "1"]
[WhiteTeam "US of America"]
[BlackTeam "South Africa"]
[WhiteTeamCountry "USA"]
[BlackTeamCountry "RSA"]

1. e4 e5 2. Nf3 Nc6 3. Bb5 a6 4. Ba4 Nf6 5. 0-0 Be7 6. Re1 b5 7. Bb3 0-0 8. c3 d5 9. exd5 Nxd5 10. Nxe5 Nxe5 11. Rxe5 c6 12. Qf3 Bd6 13. Re2 Qh4 14. g3 Bg4 15. Qe4 Qh5 16. Re3 Nxe3 17. dxe3 Bf3 18. Qd3 Rfd8 19. Nd2 Bxg3 20. Qf1 Qxh2# 0-1

[Event "IECC CL6-2006.11 email"]
[Site "IECC email"]
[Date "2006.07.27"]
[Round "?"]
[White "Ostby, Frederick"]
[Black "Alessandrini, Alfredo"]
[Result "1-0"]
[WhiteElo "1328"]
[BlackElo "1283"]
[PlyCount "43"]
[EventDate "2006.??.??"]
[EventType "tourn (corr)"]
[EventRounds "4"]
[SourceTitle "Corr 2020"]
[Source "ChessBase"]
[SourceDate "2019.09.30"]
[SourceVersion "1"]
[SourceVersionDate "2019.09.30"]
[SourceQuality "1"]
[WhiteTeam "United States"]
[BlackTeam "Italy"]
[WhiteTeamCountry "USA"]
[BlackTeamCountry "ITA"]

1. e4 d5 2. exd5 Qxd5 3. Nc3 Qa5 4. d4 Nf6 5. Nf3 c6 6. Bc4 Bf5 7. Bd2 e6 8. Qe2 Bb4 9. a3 Bxc3 10. Bxc3 Qc7 11. 0-0 Nbd7 12. Bd3 Bxd3 13. Qxd3 0-0-0 14. Rfe1 Nd5 15. Bb4 h5 16. c4 Nxb4 17. axb4 Kb8 18. Qe3 b6 19. Ng5 Nf6 20. Nf3 Rdg8 21. Ra6 g5 22. Rea1 1-0

[Event "IECC Swiss-493.4"]
[Site "IECC email"]
[Date "2006.04.18"]
[Round "?"]
[White "Quinlan, John"]
[Black "Ostby, Frederick"]
[Result "0-1"]
[WhiteElo "1465"]
[BlackElo "1293"]
[PlyCount "62"]
[EventDate "2006.??.??"]
[EventType "swiss (corr)"]
[EventRounds "1"]
[SourceTitle "Corr 2020"]
[Source "ChessBase"]
[SourceDate "2019.09.30"]
[SourceVersion "1"]
[SourceVersionDate "2019.09.30"]
[SourceQuality "1"]
[WhiteTeam "Australia"]
[BlackTeam "United States"]
[WhiteTeamCountry "AUS"]
[BlackTeamCountry "USA"]

1. d4 Nf6 2. c4 e6 3. Nf3 b6 4. g3 Ba6 5. e3 c5 6. Bd3 Bd6 7. Nc3 0-0 8. 0-0 Nc6 9. d5 exd5 10. cxd5 Bxd3 11. Qxd3 Nb4 12. Qd1 a6 13. a3 Nfxd5 14. axb4 Nxc3 15. bxc3 Qf6 16. Ba3 Rfd8 17. e4 Be5 18. Nxe5 Qxe5 19. Qf3 d5 20. exd5 Rxd5 21. c4 Rdd8 22. Rfe1 Qd4 23. Rac1 Rac8 24. Re4 Qd2 25. Rf4 f6 26. Qg4 cxb4 27. Ra1 bxa3 28. Rxf6 Qd4 29. Qe6+ Kh8 30. Rxa3 gxf6 31. Ra1 Qxa1+ 0-1

[Event "IECC CL6-2005.12 email"]
[Site "IECC email"]
[Date "2005.07.25"]
[Round "?"]
[White "Ostby, Frederick"]
[Black "Hughes, John"]
[Result "1-0"]
[WhiteElo "1313"]
[BlackElo "1334"]
[PlyCount "39"]
[EventDate "2005.??.??"]
[EventType "tourn (corr)"]
[EventRounds "4"]
[SourceTitle "Corr 2008"]
[Source "ChessBase"]
[SourceDate "2008.06.24"]
[SourceVersion "1"]
[SourceVersionDate "2008.06.24"]
[SourceQuality "1"]

1. e4 e5 2. Nf3 Nf6 3. Nxe5 d6 4. Nf3 Nxe4 5. d4 d5 6. Bd3 Bd6 7. 0-0 0-0 8. c4 c6 9. c5 Bc7 10. Qc2 f5 11. Nc3 Be6 12. Qb3 Qc8 13. Ng5 Nxg5 14. Bxg5 Nd7 15. Rfe1 Re8 16. Qc2 g6 17. b4 b6 18. b5 Bd8 19. Bxd8 Rxd8 20. Rxe6 1-0

[Event "IECC O-2130"]
[Site "IECC email"]
[Date "2005.01.04"]
[Round "?"]
[White "Ostby, Frederick"]
[Black "Wisse, Doug"]
[Result "1-0"]
[WhiteElo "1174"]
[BlackElo "1324"]
[PlyCount "51"]
[EventDate "2005.??.??"]
[EventType "swiss (corr)"]
[EventRounds "2"]
[SourceTitle "Corr 2020"]
[Source "ChessBase"]
[SourceDate "2019.09.30"]
[SourceVersion "1"]
[SourceVersionDate "2019.09.30"]
[SourceQuality "1"]
[WhiteTeam "United States"]
[BlackTeam "United States"]
[WhiteTeamCountry "USA"]
[BlackTeamCountry "USA"]

1. e4 c5 2. Nf3 Nc6 3. d4 cxd4 4. Nxd4 g6 5. Nc3 Bg7 6. Be3 Nf6 7. Bc4 Ng4 8. Qxg4 Nxd4 9. Qd1 Nc6 10. 0-0 0-0 11. Qd2 Ne5 12. Bb3 Re8 13. f4 Ng4 14. Bd4 Bf8 15. h3 e5 16. fxe5 Nxe5 17. Qf4 Bg7 18. Bxf7+ Kh8 19. Bxe8 d6 20. Bf7 Bd7 21. Bd5 g5 22. Qe3 g4 23. hxg4 Qh4 24. Bxe5 Bxe5 25. Qh3 Qg5 26. Rf7 1-0

[Event "IECC SKO2.1.016"]
[Site "IECC email"]
[Date "2004.12.15"]
[Round "?"]
[White "Ostby, Frederick"]
[Black "Raynolds, Pete"]
[Result "1-0"]
[WhiteElo "1235"]
[BlackElo "1511"]
[PlyCount "47"]
[EventDate "2004.??.??"]
[EventType "tourn (corr)"]
[EventRounds "10"]
[SourceTitle "Corr 2020"]
[Source "ChessBase"]
[SourceDate "2019.09.30"]
[SourceVersion "1"]
[SourceVersionDate "2019.09.30"]
[SourceQuality "1"]
[WhiteTeam "United States"]
[BlackTeam "United States"]
[WhiteTeamCountry "USA"]
[BlackTeamCountry "USA"]

1. e4 c6 2. d4 d5 3. Nc3 dxe4 4. Nxe4 Bf5 5. Ng3 Bg6 6. h4 h6 7. Nf3 Nd7 8. h5 Bh7 9. Bd3 Bxd3 10. Qxd3 Ngf6 11. Bf4 e6 12. 0-0-0 Be7 13. Ne4 Nxe4 14. Qxe4 Nf6 15. Qe5 0-0 16. Qe2 Qd5 17. Kb1 b5 18. Be5 a5 19. Rde1 b4 20. g3 a4 21. Nd2 Ra7 22. Nc4 b3 23. cxb3 axb3 24. a3 1-0